Southville International School and Colleges
Your cart is empty.
  • Cart
  • Lists
    Public lists Eva Luna New books Lux_list list_1
    Your lists Log in to create your own lists
  • Log in to your account
  • Your cookies
  • Search history
Southville International School and Colleges
  • Advanced search
  • Recent comments
  • Most popular
  • Libraries

Log in to your account

Log in with GOOGLE


If you do not have an external account, but do have a local account, you can still log in:

  1. Home
  2. MARC view: Missing the piano /
Normal view MARC view ISBD view

Missing the piano / (Record no. 11335)

[ view plain ]
MARC details
000 -LEADER
fixed length control field 01218pam a2200325 a 4500
001 - CONTROL NUMBER
control field 3944257
003 - CONTROL NUMBER IDENTIFIER
control field OSt
005 - DATE AND TIME OF LATEST TRANSACTION
control field 20140310182250.0
008 - FIXED-LENGTH DATA ELEMENTS--GENERAL INFORMATION
fixed length control field 931117s1994 nyu j 000 1 eng
010 ## - LIBRARY OF CONGRESS CONTROL NUMBER
LC control number 93044110
020 ## - INTERNATIONAL STANDARD BOOK NUMBER
International Standard Book Number 0670853402 :
Terms of availability $14.99
040 ## - CATALOGING SOURCE
Original cataloging agency DLC
Transcribing agency DLC
Modifying agency DLC
042 ## - AUTHENTICATION CODE
Authentication code lcac
050 00 - LIBRARY OF CONGRESS CALL NUMBER
Classification number PZ 7
Item number .R18133Mi 1994
082 00 - DEWEY DECIMAL CLASSIFICATION NUMBER
Classification number FIC R18m
Item number 1994
100 1# - MAIN ENTRY--PERSONAL NAME
Personal name Rapp, Adam.
9 (RLIN) 19843
245 10 - TITLE STATEMENT
Title Missing the piano /
Statement of responsibility, etc Adam Rapp.
260 ## - PUBLICATION, DISTRIBUTION, ETC. (IMPRINT)
Place of publication, distribution, etc New York, N.Y., U.S.A. :
Name of publisher, distributor, etc Viking,
Date of publication, distribution, etc c1994.
300 ## - PHYSICAL DESCRIPTION
Extent 198 p. ;
Dimensions 22 cm.
520 ## - SUMMARY, ETC.
Summary, etc When Mike's mother and sister go on tour with "Les Miserables," Mike's father and his new wife enroll Mike in St. Matthew's Military Academy where, facing brutality and ignorance, he learns to survive.
650 #1 - SUBJECT ADDED ENTRY--TOPICAL TERM
Topical term or geographic name as entry element Military education
Form subdivision Fiction.
9 (RLIN) 19844
650 #1 - SUBJECT ADDED ENTRY--TOPICAL TERM
Topical term or geographic name as entry element Boarding schools
Form subdivision Fiction.
9 (RLIN) 19845
650 #1 - SUBJECT ADDED ENTRY--TOPICAL TERM
Topical term or geographic name as entry element Schools
Form subdivision Fiction.
9 (RLIN) 19846
650 #1 - SUBJECT ADDED ENTRY--TOPICAL TERM
Topical term or geographic name as entry element Family problems
Form subdivision Fiction.
9 (RLIN) 19847
650 #1 - SUBJECT ADDED ENTRY--TOPICAL TERM
Topical term or geographic name as entry element Coming of age
Form subdivision Fiction.
9 (RLIN) 19848
906 ## - LOCAL DATA ELEMENT F, LDF (RLIN)
a 7
b cbc
c orignew
d 1
e ocip
f 19
g y-gencatlg
942 ## - ADDED ENTRY ELEMENTS (KOHA)
Source of classification or shelving scheme Library of Congress Classification
Koha item type
Holdings
Withdrawn status Lost status Source of classification or shelving scheme Damaged status Home library Current library Shelving location Date acquired Total Checkouts Full call number Barcode Date last seen Copy number Price effective from Koha item type
    Library of Congress Classification   Luxembourg Library Luxembourg Library Fiction Section 09/14/2013   PZ 7 .R18133Mi 1994 8574 05/27/2015 1 09/14/2013 Books

Missing the piano /

APA

Rapp A., . (1994). Missing the piano. New York, N.Y., U.S.A: Viking.

Chicago

Rapp Adam, . 1994. Missing the piano. New York, N.Y., U.S.A: Viking.

Harvard

Rapp A., . (1994). Missing the piano. New York, N.Y., U.S.A: Viking.

MLA

Rapp Adam, . Missing the piano. New York, N.Y., U.S.A: Viking. 1994.

  • Place hold
  • Print
  • Cite
  • Add to your cart (remove)
  • Save record
    BIBTEX Dublin Core MARCXML MARC (non-Unicode/MARC-8) MARC (Unicode/UTF-8) MARC (Unicode/UTF-8, Standard) MODS (XML) RIS
  • More searches
    Search for this title in:
    Other Libraries (WorldCat) Other Databases (Google Scholar) Online Stores (Bookfinder.com) Open Library (openlibrary.org)

Exporting to Dublin Core...

SOUTHVILLE LIBRARY

Southville International School and Colleges Library

1281 Tropical Ave. Cor. Luxembourg St., BF Homes International, Las Pinas City

Tel. No. 8256374 / 252358 Loc. 117/146

Powered by Koha